Statistics for U.S. Presidential Last Names by Letter - T

Click here to take the quiz!

General Stats

  • This quiz has been taken 41 times
  • The average score is 5 of 5

Answer Stats

#President% Correct
45Donald Trump
97%
27William Taft
95%
33Harry S. Truman
92%
10John Tyler
89%
12Zachary Taylor
84%

Score Distribution

Percentile by Number Answered

Percent of People with Each Score

Your Score History

You have not taken this quiz